Implicancias del nuevo código civil y comercial para el profesional en ciencias económicas (Registro nro. 3450)

Detalles MARC
000 -LEADER
fixed length control field 02309 a2200229 4500
001 - CONTROL NUMBER
control field 41306
005 - DATE AND TIME OF LATEST TRANSACTION
control field 20260407155707.0
008 - FIXED-LENGTH DATA ELEMENTS--GENERAL INFORMATION
fixed length control field 260407a2014 arg spa d
003 - CONTROL NUMBER IDENTIFIER
control field AR-UNSa-BCEJYS
040 ## - CATALOGING SOURCE
Original cataloging agency AR-UNSa-BCEJYS
Language of cataloging spa
Transcribing agency AR-UNSa-BCEJYS
080 ## - UNIVERSAL DECIMAL CLASSIFICATION NUMBER
Universal Decimal Classification number 347.1/7(094.4)
Common auxiliary subdivision Código Civil y Comercial
041 ## - LANGUAGE CODE
Language code of text/sound track or separate title spa
245 10 - TITLE STATEMENT
Title Implicancias del nuevo código civil y comercial para el profesional en ciencias económicas
264 #1 - PRODUCTION, PUBLICATION, DISTRIBUTION, MANUFACTURE, AND COPYRIGHT NOTICE
Place of production, publication, distribution, manufacture Buenos Aires :
Name of producer, publisher, distributor, manufacturer Thomson Reuters Checkpoint
Date of production, publication, distribution, manufacture, or copyright notice 2014
300 ## - PHYSICAL DESCRIPTION
Extent 86 p.
Dimensions 24 cm.
505 ## - FORMATTED CONTENTS NOTE
Formatted contents note I. Tributario - 1. El nuevo Código y el impuesto a las ganancias / Luis O. Fernández - 2. El Código Civil y Comercial, ley 26.994. Implicancias del régimen patrimonial al matrimonio y las uniones convivenciales en la imposición personal sobre personas físicas / Darío M. Rajmilovich - 3. Esquema preliminar sobre algunas implicancias fiscales del nuevo Código Civil y Comercial / Fernando Daniel García - 4. El impuesto a las ganancias y el nuevo Código Civil y Comercial unificado / Hermosinda Egüez y Sergio A. Simesen de Bielke - 5. Nuevo Código Civil y Comercial unificado: ¿Prescripción tributaria sin límites para los fiscos provinciales? / María F. Fernández Sabella y Fernanda Laiun - 6. La interpretación del derecho tributario a la luz del Código Civil y Comercial de la Nación / Mariano F. Braccia - II. Economía y finanzas - 1. Modificaciones a conceptos financieros de nuestro Código Civil / Alejandro Almarza - III. Concursos y quiebras - 1. Código Civil y Comercial unificado: impacto en materia concursal / Nicolás J. Di Lella - IV. Contabilidad y auditoría - 1. Unificación del Código Civil y Comercial: comparación de aspectos contables / María José Antih - V. Implicancias generales - 1. El nuevo Código Civil y Comercial unificado: repercusiones en el ámbito de los profesionales de Ciencias Económicas / Verónica Simesen de Bielke - 2. Algunas cuestiones relacionadas con los profesionales en Ciencias Económicas en el nuevo Código Civil y Comercial / Adriana Gutiérrez y Karina Januszewski
590 ## - LOCAL NOTE (RLIN)
Local note niveau_biblio:m niveau_hierar:0
650 ## - SUBJECT ADDED ENTRY--TOPICAL TERM
Topical term or geographic name entry element LEY 26.994
650 ## - SUBJECT ADDED ENTRY--TOPICAL TERM
Topical term or geographic name entry element ley 26 994
856 41 - ELECTRONIC LOCATION AND ACCESS
Uniform Resource Identifier <a href="https://biblioeco.unsa.edu.ar/pmb/images/libros/E00003.jpg">https://biblioeco.unsa.edu.ar/pmb/images/libros/E00003.jpg</a>
Link text Imagen de portada
Electronic format type image/jpeg
942 ## - ADDED ENTRY ELEMENTS (KOHA)
Koha item type
Existencias
Withdrawn status Lost status Damaged status Not for loan Home library Current library Shelving location Date acquired Total checkouts Full call number Barcode Date last seen Price effective from Koha item type
        Biblioteca Prof. Eusebio Cleto del Rey Biblioteca Prof. Eusebio Cleto del Rey   07/04/2026   E347.1/7(094.4) I34 LALEY E00003 07/04/2026 07/04/2026 Libro